Tate McRae - Paroles It's ok I'm ok - Statistiques

Statistiques générales
  • Ce quiz a été pris 166 fois
  • Le résultat moyen est 304 sur 400
Statistiques - réponses
Hint Réponse % Correct
I
100%
it
98%
"Oh,
98%
Oh,
98%
(Oh,
98%
oh,
98%
oh)
98%
uh
98%
I'm
95%
okay,
95%
okay
95%
(Okay,
95%
(Okay)
95%
okay)
95%
you
95%
You
95%
a
93%
Refrain It's
90%
(It's
90%
it's
90%
Intro Mm,
89%
(Mm)
89%
so
89%
So,
89%
He
88%
him
87%
him,
87%
him)
87%
don't
86%
don't)
86%
don't,
86%
don't),
86%
(Way)
86%
like
85%
like,
85%
be
84%
anyway
82%
Anyway
82%
(Anyway)
82%
anyway,
82%
place
82%
perfect"
81%
first
80%
go
80%
Take
79%
take
79%
can
78%
she
78%
the
77%
got
76%
have
76%
"He's
75%
he's
75%
No,
75%
want
75%
me
73%
Pré-refrain And
71%
and
71%
that
70%
that"
70%
"Fuck
69%
in
69%
girl,
68%
(Girl,
68%
what
67%
baby,
64%
Couplet 1 See
64%
see
64%
this
63%
version?"
63%
out
62%
really
62%
excited
61%
to
61%
Before
60%
say
60%
yeah
60%
(Yeah)
60%
yeah,
60%
yeah)
60%
(Yeah,
60%
found
58%
his
57%
yours
57%
had
56%
there
56%
been
55%
just
55%
near
55%
now
55%
Now
55%
down
54%
position
54%
You're
54%
did
53%
get
53%
mother
53%
nobody
53%
right
53%
such
53%
Good
52%
gotta
52%
pretty
52%
romantic
52%
(Romantic)
52%
with
52%
I've
51%
nervous
51%
nervous"
51%
close
49%
money,
48%
twisted
48%
same
47%
locked
43%
talker
43%
movin'
42%
Couplet 2 Was
42%
make
41%
can't
40%
miss
39%
Some
35%
some
35%
ain't
33%
Ain't
33%
"Ain't
33%
one
33%
could
30%
nothin'
29%
faced
27%
sided
27%
(Sided)
27%
long
23%
flights
20%
months
19%
(Hey)
11%
Aucun quiz correspondant
Distribution des résultats
% des personnes avec chaque résultat
Percentile par nombre de réponses
Votre historique - résultats
Vous n’avez pas pris ce quiz